Vườn cảnh Đông Phương
Tác giả khai thác khía cạnh triết học Phương Đông trong việc bình phẩm và cảm thụ vườn cảnh.
Guardat en:
| Autor principal: | |
|---|---|
| Format: | Llibre |
| Idioma: | Undetermined |
| Publicat: |
Hà Nội
Văn Hoá
1997
|
| Matèries: | |
| Etiquetes: |
Afegir etiqueta
Sense etiquetes, Sigues el primer a etiquetar aquest registre!
|
| Thư viện lưu trữ: | Trung tâm Học liệu Trường Đại học Cần Thơ |
|---|
| LEADER | 00736nam a2200193Ia 4500 | ||
|---|---|---|---|
| 001 | CTU_156569 | ||
| 008 | 210402s9999 xx 000 0 und d | ||
| 082 | |a 635.9722 | ||
| 082 | |b H523 | ||
| 100 | |a Nguyễn, Hoàng Huy | ||
| 245 | 0 | |a Vườn cảnh Đông Phương | |
| 245 | 0 | |c Nguyễn Hoàng Huy | |
| 260 | |a Hà Nội | ||
| 260 | |b Văn Hoá | ||
| 260 | |c 1997 | ||
| 520 | |a Tác giả khai thác khía cạnh triết học Phương Đông trong việc bình phẩm và cảm thụ vườn cảnh. | ||
| 650 | |a Gardens, Oriental,Vườn cảnh,Stone in lanscape gardening,Đá trong vườn cảnh | ||
| 904 | |i Mỹ Xuyên | ||
| 980 | |a Trung tâm Học liệu Trường Đại học Cần Thơ | ||